000 00171nam a2200073Ia 4500
008 170620s9999 xx 000 0 und d
100 _aMohanka
245 0 _aENVIRONMENT EDUCATION VOL 2 SET
260 _bAPH
999 _c26390
_d26390